=LDR 00000nam 2200000 4500 =001 INLIS000000000036978 =005 20130612142730 =008 ***********************************Ind** =035 ##$$0010-061300000036978 =041 ##$$a Ind =082 ##$$a 813.085 =090 ##$$a 813.085, Aks m =100 ##$$a Aksana, Andrei =245 ##$$a M2L, men 2 love, Andrei Aksana ; editor, Hetih Rufli =260 ##$$a 2008 $b Jakarta =300 ##$$a 263 hlm, 20 cm =650 ##$$a Fiksi Roman-Indonesia =700 ##$$a Rusli, Hetih =850 ##$$a NBPNMAT =990 ##$$a 92919/BPAP-NTB/2014 =990 ##$$a 0001/BPAP-NTB/20142015